Statistics for 45 European Countries, 45 Celebrities

Click here to take the quiz!

General Stats

  • This quiz has been taken 264 times
  • The average score is 27 of 45

Answer Stats

Famous PersonCountry% Correct
Cristiano RonaldoPortugal
94%
Vladimir PutinRussia
94%
William ShakespeareUnited Kingdom
94%
Vincent van GoghNetherlands
88%
Louis XIVFrance
87%
AristotleGreece
87%
Pablo PicassoSpain
87%
Jean-Claude Van DammeBelgium
83%
Galileo GalileiItaly
83%
Hans Christian AndersenDenmark
81%
Sigmund FreudAustria
77%
Oscar WildeIreland
76%
Roger FedererSwitzerland
76%
Melania TrumpSlovenia
74%
Novak DjokovicSerbia
73%
Johann Wolfgang von GoetheGermany
71%
Lech WałęsaPoland
68%
Zlatan IbrahimovićSweden
66%
Alexander LukashenkoBelarus
65%
Leif EriksonIceland
65%
Nicolae CeaușescuRomania
64%
Grace KellyMonaco
63%
Teemu SelänneFinland
62%
Julia TymoshenkoUkraine
58%
Nikola TeslaCroatia
56%
Jean-Claude JunckerLuxembourg
53%
Edvard MunchNorway
53%
Mother TeresaMacedonia
52%
Saint MarinusSan Marino
52%
Zsa Zsa GaborHungary
51%
Grigor DimitrovBulgaria
49%
Edin DžekoBosnia and Herzegovina
46%
Ivan LendlCzech Republic
44%
Sergey Stepanov (Epic Sax Guy)Moldova
44%
Enver HoxhaAlbania
41%
FrancisVatican City
41%
Raimonds VējonisLatvia
38%
Mirko VučinićMontenegro
38%
Dalia GrybauskaitėLithuania
35%
Tina WeiratherLiechtenstein
34%
Hashim ThaçiKosovo
32%
Antoni MartíAndorra
30%
Toomas Hendrik IlvesEstonia
30%
Peter SaganSlovakia
30%
Nicky BombaMalta
24%

Score Distribution

Percentile by Number Answered

Percent of People with Each Score

Your Score History

You have not taken this quiz